[Event "Défi"]
[Site "www.echecsemail.com"]
[Date "2026.01.23"]
[Round "1"]
[White "Lecevenol"]
[Black "Katastrofic"]
[WhiteElo "1260"]
[BlackElo "1430"]
[Result "0-1"]
1.e4 e5
2.Ng1f3 d6
3.Bf1d3 Bf8e7
4.O-O Ng8f6
5.Nb1c3 O-O
6.b3 b6
7.Bc1a3 Bc8a6
8.Qd1e2 Ba6xd3
9.Qe2xd3 c5
10.h3 a6
11.g4 b5
12.Ba3b2 b4
13.Nc3e2 Nb8c6
14.a4 d5
15.exd5 e4
16.Qd3e3 Qd8xd5
17.Bb2c1 h6
18.Nf3h2 Nc6d4
19.Ne2xd4 Qd5xd4
20.Ra1a2 Be7d6
21.Rf1e1 Bd6xh2
22.Kxh2 Qd4xe3
23.dxe3 Nf6d5
24.Bc1b2 f5
25.gxf5 Rf8xf5
26.Re1f1 Nd5xe3
27.Rf1c1 Rf5xf2
28.Kg3 Rf2xc2
29.Rc1e1 Ne3d5
30.Re1xe4 Ra8f8
31.a5 Rf8f2
32.Re4e8 Kh7
33.Re8e6 Rc2xb2
34.Ra2xb2 Rf2xb2
35.Re6xa6 Rb2xb3
36.Kg2 Nd5e3
37.Kf3 Rb3a3
38.h4 Ne3d1
39.Ke4 c4
40.Kd4 c3
41.Kd3 b3
42.Ra6b6 b2
43.Kc2 Ra3a1
{ abandon }0-1

[Event "Eq:au plaisir du jeux -La Diagonale du Fou :"]
[Site "www.echecsemail.com"]
[Date "2026.01.23"]
[Round "1"]
[White "Upsalin"]
[Black "Mimimosa"]
[WhiteElo "2500"]
[BlackElo "2250"]
[Result "1/2-1/2"]
1.e4 e5
2.Ng1f3 Ng8f6
3.Nf3xe5 d6
4.Ne5d3 Nf6xe4
5.Qd1e2 Qd8e7
6.Nd3f4 c6
7.h4 d5
8.Nb1c3 Ne4xc3
9.dxc3 Qe7xe2
10.Bf1xe2 Bf8c5
11.Nf4d3 Bc5b6
12.a4 a5
13.c4 dxc4
14.Nd3e5 c3
15.bxc3 O-O
16.Ne5c4 Bb6c7
17.Bc1e3 Bc8e6
18.Ra1b1 b5
19.axb5 cxb5
20.Nc4a3 b4
21.Na3b5 Nb8a6
22.cxb4 axb4
23.O-O Bc7d8
24.Be2f3 Ra8b8
25.Nb5d4 Bd8xh4
26.Nd4xe6 fxe6
27.Rf1d1 Rf8d8
28.Bf3g4 Kf7
29.Rb1a1 Na6c7
30.Ra1a7 Rd8xd1
31.Bg4xd1 Bh4d8
32.Be3d4 Kf8
33.Bd4e5 Rb8a8
34.Ra7b7 Ra8a5
35.Be5d6 Ke8
36.Bd1e2 Kd7
37.Bd6g3 g5
38.Rb7xb4 Nc7d5
39.Rb4b7 Kc6
40.Rb7xh7 Nd5f4
41.Be2f3 Kd6
42.Kh2 Ra5a2
43.Rh7h8 Bd8f6
44.Rh8c8 Ra2a1
45.Rc8c6 Ke7
46.Bf3g4 Ra1e1
47.c4 Bf6d4
48.c5 Nf4d3
49.Rc6c7 Kd8
50.Rc7h7 Bd4xc5
{ nul }1/2-1/2

[Event "Tournoi n27410"]
[Site "www.echecsemail.com"]
[Date "2026.01.23"]
[Round "1"]
[White "Patau"]
[Black "Tiounet"]
[WhiteElo "1700"]
[BlackElo "1610"]
[Result "1-0"]
1.e4 a6
2.d4 b5
3.c4 bxc4
4.Bf1xc4 e6
5.d5 Ng8f6
6.Nb1c3 g6
7.e5 Nf6xd5
8.Nc3xd5 Bf8g7
9.Nd5f6 Bg7xf6
10.exf6 Qd8xf6
11.Qd1f3 Qf6xf3
12.Ng1xf3 Bc8b7
13.Bc1h6 d5
14.Bc4d3 c5
15.O-O e5
16.Nf3xe5 c4
17.Bd3c2 Nb8c6
18.Rf1e1 Nc6d4
19.Ne5f3 Kd8
20.Bh6g5 Kc7
21.Re1e7 Kb6
22.Nf3xd4 f5
23.Bg5e3 Ka5
24.Re7xb7 Ra8c8
25.b3 c3
26.b4 1-0

[Event "XERTIGNY  VOSGES"]
[Site "www.echecsemail.com"]
[Date "2026.01.23"]
[Round "1"]
[White "Legrillon"]
[Black "Petitlulu64"]
[WhiteElo "1710"]
[BlackElo "1760"]
[Result "1-0"]
1.e4 e5
2.Ng1f3 Ng8f6
3.Bf1c4 Bf8d6
4.d3 O-O
5.Bc1g5 h6
6.Bg5h4 Nb8c6
7.Bh4xf6 Qd8xf6
8.a3 Bd6c5
9.b4 Nc6d4
10.Nb1d2 Nd4xf3
11.Nd2xf3 Bc5d6
12.h3 c6
13.O-O b5
14.Bc4b3 a5
15.bxa5 Ra8xa5
16.a4 b4
17.Qd1d2 c5
18.Bb3c4 Bc8a6
19.Bc4xa6 Ra5xa6
20.c3 bxc3
21.Qd2xc3 Rf8a8
22.Qc3c4 Bd6e7
23.Rf1b1 d6
24.Rb1b8 Be7f8
25.Rb8xa8 Ra6xa8
26.a5 Qf6d8
27.a6 Qd8b6
28.Qc4a4 Bf8e7
29.a7 Be7g5
30.Qa4d7 Qb6d8
31.Qd7c6 Kh7
32.Ra1a6 Bg5e7
33.Qc6b7 Kg6
34.Ra6b6 f6
35.Qb7b8 Kf7
36.Qb8xd8 Be7xd8
37.Rb6b8 Ra8xa7
38.Rb8xd8 Ke7
39.Rd8b8 Ra7a4
40.Rb8b7 Kf8
41.Kf1 c4
42.dxc4 Ra4xc4
43.Rb7b6 Ke7
44.Rb6b7 Kf8
45.Rb7d7 Rc4xe4
46.Rd7xd6 Re4a4
47.g3 Ke7
48.Rd6b6 Ra4a3
49.Rb6b7 Kf8
50.Nf3h4 e4
51.Nh4f5 Ra3f3
52.Nf5xg7 e3
53.Ke2 Rf3xf2
54.Kxe3 Rf2g2
55.Kf3 Rg2h2
56.h4 Rh2d2
57.Ng7f5 Rd2d3
58.Kg4 Rd3f3
59.Kxf3 { abandon }1-0

[Event "Défi"]
[Site "www.echecsemail.com"]
[Date "2026.01.23"]
[Round "1"]
[White "64uiop"]
[Black "Ketchuplover"]
[WhiteElo "2580"]
[BlackElo "1660"]
[Result "1-0"]
1.e4 d6
2.d4 g6
3.Nb1c3 Bf8g7
4.Bf1e2 Ng8f6
5.h4 h5
6.Ng1f3 a6
7.Nf3g5 Nb8d7
8.f3 O-O
9.Bc1e3 e5
10.d5 Nd7b6
11.a4 a5
12.Qd1d2 Nf6h7
13.O-O-O Nh7xg5
14.hxg5 f6
15.g4 fxg5
16.gxh5 gxh5
17.Rh1xh5 { abandon }1-0

[Event "Coupe Niveau 5"]
[Site "www.echecsemail.com"]
[Date "2026.01.23"]
[Round "1"]
[White "Patau"]
[Black "Guig47"]
[WhiteElo "1700"]
[BlackElo "2200"]
[Result "0-1"]
1.e4 e5
2.Ng1f3 Nb8c6
3.c3 d5
4.exd5 Qd8xd5
5.d4 e4
6.Nf3e5 Nc6xe5
7.dxe5 Qd5xd1
8.Kxd1 Bf8c5
9.Bc1e3 Bc5xe3
10.fxe3 Ng8e7
11.Nb1d2 Bc8f5
12.Kc2 O-O
13.Bf1c4 Ra8d8
14.Ra1d1 Ne7c6
15.Nd2b3 Nc6xe5
16.Bc4e2 Ne5g4
17.Be2xg4 Bf5xg4
18.Rd1d4 Rd8xd4
19.Nb3xd4 c5
20.Nd4b5 Bg4d7
21.Nb5d6 Bd7c6
22.Rh1f1 Rf8d8
23.Rf1d1 Kf8
24.Nd6c4 Rd8xd1
25.Kxd1 Bc6d5
26.b3 Bd5xc4
27.bxc4 Ke7
28.Ke2 Ke6
29.Kf2 Ke5
30.a4 f5
31.a5 g5
32.g3 h5
33.h4 gxh4
34.gxh4 f4
35.exf4 Kxf4
{ abandon }0-1

[Event "Coupe Niveau 3"]
[Site "www.echecsemail.com"]
[Date "2026.01.23"]
[Round "1"]
[White "Domenico"]
[Black "Elghribi"]
[WhiteElo "1790"]
[BlackElo "1930"]
[Result "1-0"]
1.e4 d6
2.Bf1d3 Ng8f6
3.Ng1f3 g6
4.Nb1c3 Bf8g7
5.O-O O-O
6.Bd3e2 e5
7.d4 Nb8c6
8.dxe5 Nc6xe5
9.Nf3xe5 dxe5
10.Bc1d2 Bc8e6
11.Qd1c1 c6
12.Bd2g5 Qd8c7
13.Qc1e3 b6
14.f4 Nf6g4
15.Be2xg4 Be6xg4
16.f5 f6
17.Bg5h4 g5
18.Bh4g3 Bg4h5
19.h4 h6
20.hxg5 hxg5
21.Bg3f2 Ra8d8
22.Qe3h3 Bh5f7
23.Qh3g4 Bf7c4
24.Rf1e1 Kf7
25.Qg4h5 Ke7
26.Qh5g6 Rf8g8
27.Ra1d1 Bc4f7
28.Qg6h7 Kf8
29.Qh7h3 Ke7
30.Nc3a4 Rg8h8
31.Qh3a3 Ke8
32.Rd1xd8 Qc7xd8
33.Na4c3 Qd8c7
34.Re1d1 Bg7f8
35.Qa3a4 b5
36.Qa4a6 { abandon }1-0

[Event "Memorial Lara CIII"]
[Site "www.echecsemail.com"]
[Date "2026.01.23"]
[Round "1"]
[White "Intrigue"]
[Black "Leredoutable"]
[WhiteElo "1760"]
[BlackElo "1760"]
[Result "1-0"]
1.c4 e5
2.Nb1c3 Ng8f6
3.Ng1f3 Nb8c6
4.d3 d5
5.cxd5 Nf6xd5
6.e4 Nd5xc3
7.bxc3 Bf8d6
8.Bc1e3 O-O
9.Bf1e2 Bc8g4
10.O-O Qd8d7
11.h3 Bg4h5
12.Ra1b1 Ra8b8
13.d4 Rf8d8
14.d5 Nc6e7
15.c4 Bh5g6
16.Be2d3 c5
17.a4 Ne7c8
18.Nf3h4 Nc8b6
19.Nh4xg6 fxg6
20.a5 Nb6c8
21.Bd3e2 Rd8f8
22.Be2g4 Qd7a4
23.Qd1e1 Qa4xc4
24.Bg4f3 b5
25.Be3d2 b4
26.Qe1c1 Qc4b5
27.Rb1a1 a6
28.Rf1e1 Bd6c7
29.Bf3e2 Qb5b7
30.Qc1xc5 Bc7d6
31.Qc5c6 Qb7f7
32.Bd2e3 b3
33.Re1b1 Bd6e7
34.Be2xa6 Nc8a7
35.Qc6c3 Na7b5
36.Ba6xb5 Rb8xb5
37.Rb1xb3 Be7d6
38.Rb3xb5 Qf7f6
39.a6 Rf8a8
40.a7 g5
41.Ra1a6 Qf6e7
42.Ra6xd6 Ra8xa7
43.Qc3c8 Kf7
44.Rd6e6 Qe7d7
45.Qc8xd7 Ra7xd7
46.Re6b6 h6
47.Rb6b7 Ke7
48.Rb7xd7 Kxd7
49.Rb5b7 { abandon }1-0

[Event "Tournoi n27381"]
[Site "www.echecsemail.com"]
[Date "2026.01.24"]
[Round "1"]
[White "Hyden"]
[Black "Verson"]
[WhiteElo "1699"]
[BlackElo "1870"]
[Result "0-1"]
1.d4 d5
2.Ng1f3 Ng8f6
3.e3 e6
4.Bf1d3 Bf8d6
5.b3 Nb8d7
6.Bc1b2 O-O
7.O-O b6
8.Nb1d2 Bc8b7
9.c4 Qd8e7
10.Qd1c2 c6
 { temps }0-1

[Event "Défi"]
[Site "www.echecsemail.com"]
[Date "2026.01.24"]
[Round "1"]
[White "Joelcouturier"]
[Black "Maximax"]
[WhiteElo "1150"]
[BlackElo "1180"]
[Result "1-0"]
1.e4 e5
2.Ng1f3 d6
3.Nb1c3 Ng8f6
4.Bf1c4 h6
5.d3 Nb8c6
6.O-O Qd8d7
7.d4 Qd7e7
8.Bc1e3 Bc8e6
9.d5 Be6d7
10.dxc6  { temps }1-0

[Event "Tournoi n27350"]
[Site "www.echecsemail.com"]
[Date "2026.01.24"]
[Round "1"]
[White "Jmarcboury"]
[Black "Prize640"]
[WhiteElo "2200"]
[BlackElo "2210"]
[Result "1-0"]
1.d4 f5
2.Ng1f3 Ng8f6
3.c4 g6
4.Nb1c3 Bf8g7
5.g3 O-O
6.b4 a5
7.bxa5 Ra8xa5
8.Bc1d2 Ra5a8
9.Bf1g2 d6
10.O-O Nb8c6
11.e3 e5
12.Qd1e2 Kh8
13.d5 Nc6e7
14.a4 Bc8d7
15.Nf3g5 h6
16.Ng5e6 Bd7xe6
17.dxe6 c6
18.Rf1b1 Ra8b8
19.a5 Qd8c8
20.Ra1a2 Qc8xe6
21.Ra2b2 Nf6d7
22.Rb2xb7 Rb8xb7
23.Rb1xb7 Nd7c5
24.Rb7a7 Rf8b8
25.Qe2d1  { temps }1-0

[Event "Amical( 10J+24H/c 10J Max )"]
[Site "www.echecsemail.com"]
[Date "2026.01.24"]
[Round "1"]
[White "Twtw"]
[Black "Florianf"]
[WhiteElo "1640"]
[BlackElo "1680"]
[Result "0-1"]
1.e4 c6
2.d4 d5
3.f3 dxe4
4.fxe4 Ng8f6
5.Bf1d3 Qd8xd4
6.Qd1e2 e5
7.c3 Qd4d7
8.h3 a5
9.Ng1f3 Qd7c7
10.g4 b5
11.b4 axb4
12.cxb4 Bf8xb4
13.Bc1d2 Bb4c5
14.a3 h6
15.Bd2e3 Bc5xe3
16.Qe2xe3 Bc8e6
17.Nf3d2 Qc7a7
18.Qe3e2 Nf6d7
19.Kf1 Qa7d4
20.Kg2 Qd4xa1
21.Rh1c1 Ra8xa3
22.Nb1xa3 Qa1xc1
23.Na3xb5 cxb5
24.Bd3xb5 O-O
25.Bb5xd7 Nb8xd7
26.Kg3 Qc1g1
27.Kh4 g5
 { temps }0-1

[Event "Défi"]
[Site "www.echecsemail.com"]
[Date "2026.01.24"]
[Round "1"]
[White "Wenoketo"]
[Black "Fr7d"]
[WhiteElo "1630"]
[BlackElo "1630"]
[Result "1-0"]
1.d4 Ng8f6
2.Ng1f3 d5
3.Bc1f4 e6
4.Nb1d2 Bf8d6
5.Bf4xd6 cxd6
6.e3 O-O
7.Bf1e2 Nb8c6
8.O-O e5
9.c3 e4
10.Nf3e1 h6
11.Ra1c1 Bc8e6
12.c4 Qd8d7
13.cxd5 Be6xd5
14.b3 Nc6b4
15.a3 Nb4c6
16.Be2b5 a6
17.Bb5xc6 bxc6
18.b4 c5
19.bxc5 Qd7f5
20.cxd6 Ra8d8
21.Ne1c2 Rd8xd6
22.Nc2b4 a5
23.Nb4xd5 Qf5xd5
24.Rc1c5 Qd5e6
25.Qd1a4 Rf8a8
26.Rc5xa5 Ra8xa5
27.Qa4xa5 Qe6g4
28.h3 Qg4g5
29.Qa5xg5 hxg5
30.Rf1a1 g6
31.a4 Nf6d5
32.a5 Nd5c7
33.Nd2c4 Rd6d5
34.a6 Rd5d8
35.a7 f5
36.Nc4b6 f4
37.a8Q Nc7xa8
38.Ra1xa8 Rd8xa8
39.Nb6xa8 Kf7
40.Na8b6 fxe3
41.fxe3 Kf6
42.g4 Ke6
43.Nb6c4 Kd5
44.Nc4e5 Kd6
45.Ne5xg6 Ke6
46.Ng6e5 Kf6
47.Kf2 Ke6
48.Kg3 Kd6
49.h4 gxh4
50.Kxh4 Ke6
51.g5 Kf5
52.Kh5 Ke6
53.Kh6 Ke7
54.Kh7  { temps }1-0

[Event "Coupe Niveau 5"]
[Site "www.echecsemail.com"]
[Date "2026.01.24"]
[Round "1"]
[White "Filosofia"]
[Black "Berniz"]
[WhiteElo "2100"]
[BlackElo "2170"]
[Result "0-1"]
1.Ng1f3 Ng8f6
2.b3 g6
3.Bc1b2 Bf8g7
4.c4 O-O
5.d4 c5
6.d5 d6
7.Nb1d2 e5
8.e4 Nf6h5
9.g3 f5
10.Bf1g2 Nb8a6
 { temps }0-1

[Event "Défi"]
[Site "www.echecsemail.com"]
[Date "2026.01.24"]
[Round "1"]
[White "Joelcouturier"]
[Black "Maximax"]
[WhiteElo "1180"]
[BlackElo "1200"]
[Result "1-0"]
1.d4 d5
2.Bc1f4 e6
3.Ng1f3 f6
4.Nb1c3 Nb8c6
5.Nc3b5 b6
6.e3 Ng8e7
7.Nb5xc7 Kf7
8.Nc7xa8 Bc8b7
9.Na8c7 Qd8d7
10.Nc7b5 a6
11.Nb5c3 g5
12.Bf4g3 Ne7f5
13.Bf1d3 Kg6
14.e4 dxe4
15.Bd3xe4 h6
16.O-O b5
17.Nc3e2 Bf8e7
18.Ne2c3 Bb7c8
19.d5 Nc6d8
20.Nf3d4 b4
21.dxe6 Nd8xe6
22.Be4xf5 Kg7
23.Nd4xe6 Kf7
24.Nc3d5 Qd7c6
25.Qd1d2 g4
26.Nd5f4 Bc8b7
27.Bf5g6 Kg8
28.Rf1e1 Qc6b5
29.Qd2d4  { temps }1-0

[Event "Coupe Niveau 7"]
[Site "www.echecsemail.com"]
[Date "2026.01.24"]
[Round "1"]
[White "Abc47"]
[Black "Guig47"]
[WhiteElo "2190"]
[BlackElo "2210"]
[Result "0-1"]
1.e4 e5
2.Ng1f3 Nb8c6
3.d4 exd4
4.Bf1c4 Ng8f6
5.O-O Nf6xe4
6.Rf1e1 d5
7.Bc4xd5 Qd8xd5
8.Nb1c3 Qd5h5
9.Nc3xe4 Bc8e6
10.Bc1g5 h6
11.Bg5h4 Bf8e7
12.Bh4xe7 Nc6xe7
13.Nf3xd4 Qh5xd1
14.Ra1xd1 O-O-O
15.Nd4xe6 fxe6
16.Ne4c5 Rd8xd1
17.Re1xd1 e5
18.Rd1e1 Ne7c6
19.Nc5d3 Rh8e8
20.Re1e4 Re8e7
21.f4 exf4
22.Re4xe7 Nc6xe7
23.Nd3xf4 Kd7
24.Kf2 g5
25.Nf4d3 Kd6
26.c4 c5
27.Ke3 b6
28.Ke4 Ke6
29.Nd3e5 Ne7f5
30.Ne5c6 Nf5d6
31.Kd3 a5
32.b3 Nd6f7
33.Ke4 Nf7d6
34.Ke3 Nd6f7
35.h3 h5
36.g4 hxg4
37.hxg4 Nf7h6
38.Kf3 Kd6
39.Nc6a7 Kd7
40.Na7b5 Ke6
41.Nb5c7 Kd7
42.Nc7d5 Kc6
43.Nd5e7 Kd7
44.Ne7d5 Kc6
45.a3 b5
46.Nd5e7 Kd7
47.Ne7d5 Kd6
48.Nd5e3 b4
49.axb4 cxb4
50.Ne3f5 Nh6xf5
51.Ke4 Nf5h6
52.Kf3 Ke5
53.Ke3 Nh6xg4
{ abandon }0-1

[Event "Tournoi n27381"]
[Site "www.echecsemail.com"]
[Date "2026.01.24"]
[Round "1"]
[White "Tartu"]
[Black "Hyden"]
[WhiteElo "1720"]
[BlackElo "1699"]
[Result "1-0"]
1.d4 d5
2.c4 c6
3.Ng1f3 Ng8f6
4.Nb1c3 e6
5.Bc1g5 Nb8d7
6.e3 Bf8e7
7.Bf1d3 dxc4
8.Bd3xc4  { temps }1-0

[Event "Eq:La Diagonale du Fou-O fou d hello :"]
[Site "www.echecsemail.com"]
[Date "2026.01.24"]
[Round "1"]
[White "Sanvic76"]
[Black "Filosofia"]
[WhiteElo "1820"]
[BlackElo "2030"]
[Result "1-0"]
1.d4 c6
2.e4 d5
3.exd5 cxd5
4.Ng1f3 Ng8f6
5.Nb1c3 Bc8g4
6.Bf1e2 Nb8c6
7.a3 e6
8.Bc1e3 Bf8d6
9.O-O a6
10.Nc3b1 O-O
11.Nb1d2 b5
12.Be2d3 b4
13.axb4 Nc6xb4
14.Bd3e2 a5
15.c3 Nb4c6
16.Qd1c2 Bg4f5
17.Qc2d1 Bf5g4
18.Be2d3 Qd8b6
19.Qd1c2 Rf8c8
20.Qc2b1 a4
21.Nf3g5 h6
22.f3 hxg5
23.fxg4 Bd6xh2
24.Kxh2 Nf6xg4
25.Kg1 Ng4xe3
26.Rf1f3 Ne3g4
27.Bd3h7 Kf8
28.Rf3g3 Ng4f6
29.Rg3xg5 Nc6xd4
30.cxd4 Qb6xd4
31.Kf1 Qd4xd2
32.Rg5g3  { temps }1-0

[Event "Défi( 10J+24H/c 10J Max )"]
[Site "www.echecsemail.com"]
[Date "2026.01.24"]
[Round "1"]
[White "Mimi66"]
[Black "Patrick"]
[WhiteElo "1350"]
[BlackElo "1560"]
[Result "0-1"]
1.e4 c5
2.Qd1f3 e5
3.Bf1c4 Ng8f6
4.d3 h6
5.Ng1h3 d6
6.Nb1c3 Bc8g4
7.Qf3e3 a6
8.f3 b5
9.Nc3d5 Bg4xh3
10.gxh3 bxc4
11.dxc4 Nb8c6
12.Rh1g1 Bf8e7
13.Rg1xg7 Qd8d7
14.Qe3f2 Qd7xh3
15.Bc1e3 Nf6h5
16.Rg7g3 Qh3d7
17.Qf2g2 O-O-O
18.Qg2f2 Be7h4
19.Nd5b6 Kc7
20.Nb6xd7 Rd8xd7
21.Qf2g2 Nc6b4
22.Kd1 Bh4f6
23.a3 Nb4c6
24.Qg2d2 Rh8b8
25.Ra1b1 Nc6a5
26.Qd2xa5 Kb7
27.Qa5b5 Kc8
28.Qb5xa6 Rb8b7
29.Rg3g8 Kc7
30.b4 Bf6e7
31.Rb1a1 Nh5f6
32.bxc5 Nf6xg8
33.c6 Rb7b6
34.Qa6a7 Kxc6
 { temps }0-1

[Event "Tournoi n27394"]
[Site "www.echecsemail.com"]
[Date "2026.01.24"]
[Round "1"]
[White "Jipepe"]
[Black "Wenoketo"]
[WhiteElo "1440"]
[BlackElo "1670"]
[Result "1-0"]
1.e4 c6
2.d4 e6
3.Ng1f3 d5
4.e5 Nb8d7
5.Bc1f4 Ng8e7
6.Bf1d3 h6
7.O-O a6
8.Nb1d2 c5
9.c3 c4
10.Bd3c2 Ne7c6
11.b3 b5
12.bxc4 bxc4
13.Bc2a4 Bc8b7
14.Ra1b1 Bb7c8
15.Ba4xc6 Ra8a7
16.Qd1a4 Bf8e7
17.Rb1b6 O-O
18.Rb6b1 g5
19.Bf4g3 Kh7
20.Qa4c2 Kg7
21.Nf3e1 Rf8h8
22.f4 Nd7f8
23.fxg5 Be7xg5
24.Nd2f3 Bc8d7
25.Bc6xd7 Qd8xd7
26.Nf3xg5 hxg5
27.Qc2d2 Nf8g6
28.Qd2xg5 { abandon }1-0

[Event "Défi( 10J+24H/c 10J Max )"]
[Site "www.echecsemail.com"]
[Date "2026.01.24"]
[Round "1"]
[White "Turbo"]
[Black "Mimi66"]
[WhiteElo "1330"]
[BlackElo "1360"]
[Result "1-0"]
1.e4 e5
2.h3 Qd8f6
3.Ng1f3 Nb8c6
4.a3 Ng8h6
5.b4 a5
6.b5 Nc6e7
7.d3 c6
8.Bc1g5 Qf6e6
9.Nb1c3 f6
10.Bg5xh6 gxh6
11.b6 Rh8g8
12.d4 h5
13.d5 cxd5
14.exd5 Ne7xd5
15.Nc3xd5 Qe6c6
16.g4  { temps }1-0

[Event "Coupe Niveau 5"]
[Site "www.echecsemail.com"]
[Date "2026.01.24"]
[Round "1"]
[White "Bim"]
[Black "Carrighir"]
[WhiteElo "2130"]
[BlackElo "2110"]
[Result "0-1"]
1.e4 c5
2.Ng1f3 d6
3.Bf1b5 Nb8c6
4.c3 Bc8d7
5.d3 Ng8f6
6.O-O e6
7.Rf1e1 Bf8e7
8.Nb1d2 O-O
9.Nd2f1 a6
10.Bb5a4 b5
11.Ba4c2 Ra8c8
12.Bc1g5 Rf8e8
13.d4 cxd4
14.Nf3xd4 e5
15.Bg5xf6 Be7xf6
16.Nd4xc6 Bd7xc6
17.Bc2b3 Qd8e7
18.Qd1e2 Rc8d8
19.Ra1d1 Qe7b7
20.Bb3d5 Rd8d7
21.Qe2f3 Re8c8
22.Qf3d3 g6
23.Nf1e3 Bf6e7
24.Bd5xc6 Qb7xc6
25.Ne3d5 Be7f8
26.Nd5f6 Kg7
27.Nf6xd7 Qc6xd7
28.Qd3f3 Qd7e6
29.Qf3e3 Qe6xa2
30.Qe3e2 Rc8c6
31.Rd1a1 Qa2e6
32.Re1d1 Bf8e7
33.g3 Qe6c8
34.h4 Rc6c4
35.Qe2d3 Qc8c6
36.Qd3d5 Qc6c8
 { temps }0-1

[Event "Défi"]
[Site "www.echecsemail.com"]
[Date "2026.01.24"]
[Round "1"]
[White "Chomi64"]
[Black "Algors"]
[WhiteElo "1850"]
[BlackElo "1780"]
[Result "1-0"]
1.d4 f5
2.c4 Ng8f6
3.Nb1c3 g6
4.Ng1f3 Bf8g7
5.Bc1f4 O-O
6.e3 d6
7.Bf1d3 Nb8c6
8.O-O h6
9.Qd1b3 g5
10.Bf4g3 Nc6a5
11.Qb3a4 b6
12.b4 Bc8d7
13.Qa4c2 g4
14.Nf3h4 Na5c6
15.a3 e6
16.Nh4g6 Rf8e8
17.Ra1c1 Nc6e7
18.Ng6xe7 Qd8xe7
19.Nc3b5 Bd7xb5
20.cxb5 Nf6d5
21.Qc2b3 Qe7f7
22.Qb3d1 e5
23.dxe5 dxe5
24.Bd3c4 Ra8d8
25.Qd1b3 h5
26.Rf1d1 Kh8
27.Bc4xd5 Qf7f6
28.Rc1xc7 f4
29.Rc7c6 Qf6f5
30.Bg3h4 fxe3
31.Qb3xe3 Rd8d7
32.Rc6h6 Bg7xh6
33.Qe3xh6 Rd7h7
34.Bh4f6 Qf5xf6
35.Qh6xf6 Rh7g7
36.Bd5e4 Kg8
37.Rd1d8 Re8xd8
38.Qf6xd8 Kf7
39.Be4d5 Kg6
40.Bd5e4 Kh6
41.Qd8f6 { abandon }1-0

[Event "Tournoi n27344"]
[Site "www.echecsemail.com"]
[Date "2026.01.24"]
[Round "1"]
[White "Vvvv"]
[Black "Caraca2"]
[WhiteElo "1690"]
[BlackElo "1750"]
[Result "0-1"]
1.e4 e5
2.Ng1f3 Nb8c6
3.Bf1c4 h6
4.O-O Ng8f6
5.Rf1e1 d6
6.h3 Bf8e7
7.d4 O-O
8.dxe5 Nc6xe5
9.Nf3xe5 dxe5
10.Qd1e2 a6
11.Re1d1 Be7d6
12.c3 b5
13.Bc4b3 Bc8b7
14.Nb1d2 Qd8e7
15.Bb3c2 Ra8d8
16.Nd2f3 Rd8d7
17.b4 c5
18.Bc1a3 cxb4
19.Ba3xb4 Rf8e8
20.Bb4xd6 Rd7xd6
21.Rd1xd6 Qe7xd6
22.a4 b4
23.c4 a5
24.Ra1d1 Qd6c6
25.Rd1e1 Bb7a6
26.Bc2b3 Nf6d7
27.Re1c1 Nd7c5
28.Bb3a2 b3
29.Ba2xb3 Nc5xb3
30.Qe2b2 Nb3xc1
31.Nf3xe5 Qc6xa4
32.Ne5xf7 Kxf7
{ abandon }0-1

[Event "Défi"]
[Site "www.echecsemail.com"]
[Date "2026.01.24"]
[Round "1"]
[White "Junior1966"]
[Black "Anumisme"]
[WhiteElo "1490"]
[BlackElo "1200"]
[Result "1-0"]
1.d4 d5
2.Ng1f3 Nb8c6
3.a3 Bc8g4
4.e3 e6
5.Bf1e2 Bg4f5
6.O-O Qd8d6
7.Be2d3 Bf8e7
8.Bd3xf5 exf5
9.Nb1c3 Nc6a5
10.Nc3b5 Qd6b6
11.a4 a6
12.Bc1d2 Ng8f6
13.Nb5a3 Na5c6
14.b4 Nc6xb4
15.c3 Nb4d3
16.Nf3e5 Nd3b2
17.Qd1c2 O-O
18.Rf1b1 g6
19.Rb1xb2 Kg7
20.Rb2xb6 cxb6
21.c4 Be7d6
22.c5 bxc5
23.Bd2c3 c4
24.Qc2b2 Ra8b8
25.Na3c2 h5
26.Ne5f3 Nf6e4
27.Nf3e5 Bd6xe5
28.dxe5 b6
29.e6 Kg8
30.exf7 Rf8xf7
31.Bc3e5 Rb8b7
32.Nc2b4 a5
33.Ra1d1 axb4
34.Rd1xd5 c3
35.Rd5d8 Rf7f8
36.Qb2b3 Rb7f7
37.Rd8xf8 Kxf8
38.h3 Rf7e7
39.Be5d4 Ne4d2
40.Qb3xb4 Nd2e4
41.Bd4xb6 c2
42.Qb4b2 Kg8
43.Qb2xc2 Re7b7
44.Qc2c8 Kg7
45.Qc8xb7 Kh6
46.h4 Ne4c3
47.a5 Nc3e2
48.Kf1 Ne2c3
49.Qb7b8 Kh7
50.Bb6d4 Nc3e4
51.Qb8h8 1-0

[Event "Défi"]
[Site "www.echecsemail.com"]
[Date "2026.01.24"]
[Round "1"]
[White "Manulatus"]
[Black "Khamis"]
[WhiteElo "1920"]
[BlackElo "1830"]
[Result "1-0"]
1.c4 d5
2.cxd5 Qd8xd5
3.Nb1c3 Qd5a5
4.d4 c6
5.Bc1d2 Qa5c7
6.Ng1f3 Bc8f5
7.e4 Bf5g4
8.Bf1e2 e6
9.e5 g6
10.O-O Bf8g7
11.h3 Bg4xf3
12.Be2xf3 Ng8e7
13.Ra1c1 O-O
14.Nc3b5 Qc7d7
15.Nb5d6 Ne7c8
16.Bd2b4 Nc8xd6
17.Bb4xd6 Rf8d8
18.Bf3g4 Bg7f8
19.Bd6xf8 Rd8xf8
20.h4 Qd7e7
21.h5 g5
22.Rc1c3 Rf8d8
23.Rc3d3 Nb8d7
24.Qd1d2 h6
25.Rf1e1 Nd7b6
26.b3 Rd8d5
27.Bg4f3 Rd5d7
28.Re1d1 a5
29.Bf3e4 Qe7b4
30.Qd2e3 a4
31.Qe3f3 axb3
32.axb3 Nb6d5
33.Kh2 Ra8a2
34.Be4xd5 cxd5
35.Qf3f6 Kh7
36.Rd1c1 Qb4a3
37.Rc1c8 { abandon }1-0

[Event "Tournoi n27367"]
[Site "www.echecsemail.com"]
[Date "2026.01.24"]
[Round "1"]
[White "Lecevenol"]
[Black "Mc2108"]
[WhiteElo "1260"]
[BlackElo "1290"]
[Result "1-0"]
1.e4 e5
2.Ng1f3 Nb8c6
3.c3 Ng8f6
4.Bf1c4 Nf6xe4
5.O-O Bf8c5
6.d4 Bc5e7
7.Nb1d2 Ne4f6
8.a3 O-O
9.b4 a6
10.Bc1b2 d5
11.h3 dxc4
12.Nd2xc4 Nf6e4
13.Nf3xe5 Qd8d7
14.Ne5xd7 Bc8xd7
15.Qd1e2 Ne4g5
16.Bb2c1 b5
17.Nc4e5 Bd7e6
18.Ne5xc6 Be7d6
19.Bc1xg5 h6
20.Bg5h4 Be6d7
21.d5 Ra8e8
22.Qe2d3 g5
23.Bh4g3 Bd7xc6
24.dxc6 Re8e6
25.Bg3xd6 h5
26.Bd6xc7 Re6xc6
27.Bc7e5 f6
28.Qd3d5 Kh7
29.Qd5xc6 g4
30.Be5xf6 gxh3
31.gxh3 Rf8g8
32.Kh2 h4
33.Qc6b7 Kh6
34.Qb7xa6 Rg8g6
35.Rf1g1 Rg6xf6
36.Qa6xf6 Kh7
37.Kg2 Kg8
38.Qf6h6 Kf7
39.Rg1d1 Ke7
40.Rd1d6 Kf7
41.Qh6h7 Kf8
42.Rd6d8 1-0

[Event "Eq:La Diagonale du Fou-modesty :"]
[Site "www.echecsemail.com"]
[Date "2026.01.24"]
[Round "1"]
[White "Darkknight99"]
[Black "Zax"]
[WhiteElo "1980"]
[BlackElo "2270"]
[Result "0-1"]
1.e4 d5
2.exd5 Qd8xd5
3.Nb1c3 Qd5d6
4.d4 Ng8f6
5.Ng1f3 Bc8g4
6.Bc1e3 a6
7.Bf1e2 Nb8c6
8.O-O e6
9.Qd1d2 Bf8e7
10.Ra1d1 O-O
11.h3 Bg4h5
12.Be3f4 Qd6d8
13.Rf1e1 Be7b4
14.a3 Nf6e4
15.Qd2e3 Ne4xc3
16.bxc3 Bb4xa3
17.c4 Ba3d6
18.c3 Bd6xf4
19.Qe3xf4 Nc6e7
20.Qf4e5 Bh5g6
21.Qe5f4 c6
22.Qf4c1 a5
23.Qc1a3 b6
24.Nf3e5 Qd8c7
25.Ne5xg6 Ne7xg6
26.Be2f3 a4
27.Rd1a1 Ra8a5
28.Qa3b2 b5
29.cxb5 cxb5
30.Qb2b4 Ng6f4
31.Re1d1 Nf4d5
32.Bf3xd5 exd5
33.Rd1e1 Rf8a8
34.Ra1a3 h6
35.Re1e7 Qc7c6
36.Re7e5 Ra5a7
37.Qb4b2 Ra8e8
38.Qb2e2 Re8xe5
39.Qe2xe5 Ra7a8
40.g3 Ra8e8
41.Qe5f4 Qc6e6
42.Qf4c7 Re8c8
43.Qc7b7 Rc8xc3
44.Ra3xc3 Qe6e1
45.Kg2 Qe1xc3
46.Qb7xb5 Qc3xd4
47.Qb5e8 Kh7
48.Qe8xf7 Qd4e4
49.Kg1 a3
{ abandon }0-1

[Event "Tournoi n27298"]
[Site "www.echecsemail.com"]
[Date "2026.01.24"]
[Round "1"]
[White "Kiki24"]
[Black "1thibou"]
[WhiteElo "1850"]
[BlackElo "1810"]
[Result "1-0"]
1.c4 b6
2.d4 d5
3.Nb1c3 dxc4
4.Qd1a4 Bc8d7
5.Qa4xc4 Ng8f6
6.Ng1f3 e6
7.e4 Bf8e7
8.Nf3e5 O-O
9.Ne5xd7 Nb8xd7
10.Bf1e2 a6
11.O-O b5
12.Qc4d3 Nd7b6
13.b3 c5
14.dxc5 Be7xc5
15.Rf1d1 Qd8xd3
16.Rd1xd3 b4
17.e5 Nf6d7
18.Nc3e4 Ra8c8
19.Ne4xc5 Nd7xc5
20.Rd3d6 Nc5d7
21.Bc1b2 Rc8c2
22.Be2xa6 Rc2xb2
23.Ba6b5 Rf8d8
24.Rd6d4 Nb6d5
25.f4 f6
26.exf6 Nd7xf6
27.Bb5c4 g6
28.a4 bxa3
29.Ra1xa3 Rb2b1
30.Kf2 Rb1b2
31.Kf3 Rb2b1
32.Ra3a7 Rd8e8
33.g3 Rb1f1
34.Bc4xf1 { abandon }1-0

[Event "Tournoi n27397"]
[Site "www.echecsemail.com"]
[Date "2026.01.24"]
[Round "1"]
[White "Jlr"]
[Black "Mokanne"]
[WhiteElo "1380"]
[BlackElo "1420"]
[Result "1-0"]
1.e4 b6
2.Bf1c4 Bc8b7
3.f3 e6
4.a3 Bf8e7
5.d3 d5
6.Bc4b5 Bb7c6
7.Bb5xc6 Nb8xc6
8.g3 Nc6d4
9.c3 Nd4c6
10.Qd1a4 Be7d6
11.Qa4xc6 Kf8
12.h4 Ng8e7
13.Qc6a4 Bd6xg3
14.Kf1 Ne7c8
15.Bc1g5 f6
16.Bg5e3 Nc8e7
17.Ng1e2 Bg3d6
18.Nb1d2 h5
19.f4 c6
20.e5 fxe5
21.d4 e4
22.Ne2g3 Qd8c7
23.Qa4d1 b5
24.Ng3xh5 Ne7f5
25.Be3f2 e3
26.Qd1g4 exf2
27.Nd2f3 Qc7f7
28.Kxf2 Rh8xh5
29.Nf3g5 Ke7
30.Ng5xf7 Rh5h7
31.Nf7g5 Rh7h6
32.Ra1e1 Ra8f8
33.Re1xe6 Rh6xe6
34.Ng5xe6 Kxe6
35.Rh1e1 Kf6
36.Qg4g5 Kf7
37.Qg5xf5 Kg8
38.Qf5e6 Kh8
39.Qe6xd6 Rf8c8
40.Qd6d7 Rc8a8
41.Qd7xc6 Ra8f8
42.Qc6d6 Rf8f5
43.Kf3 Kh7
44.Kg4 Rf5f7
45.Qd6xd5 b4
46.Qd5xf7 b3
47.Re1e7 { abandon }1-0

[Event "Tournoi n27382"]
[Site "www.echecsemail.com"]
[Date "2026.01.24"]
[Round "1"]
[White "Verson"]
[Black "Vvvv"]
[WhiteElo "1860"]
[BlackElo "1710"]
[Result "0-1"]
1.d4 Ng8f6
2.Ng1f3 d5
3.e3 g6
4.Bf1d3 Bf8g7
5.Nb1d2 Bc8g4
6.c3 O-O
7.O-O Nb8c6
8.h3 Bg4xf3
9.Nd2xf3 Rf8e8
10.Rf1e1 Nf6e4
11.Nf3d2 Ne4d6
12.e4 e6
13.e5 Nd6f5
14.Nd2f3 Nf5h4
15.Nf3xh4 Qd8xh4
16.Qd1g4 Qh4xg4
17.hxg4 a6
18.Bc1g5 b5
19.Re1e3 Ra8a7
20.Re3h3 Re8f8
21.f3 f6
22.exf6 Bg7xf6
23.Ra1e1 Bf6xg5
24.Re1xe6 Rf8f6
25.Re6xf6 Bg5xf6
26.g3 Nc6d8
27.f4 c6
28.Rh3h2 Ra7e7
29.Rh2e2 Re7xe2
30.Bd3xe2 Nd8f7
31.Kf2 h6
32.Be2d3 Kg7
33.Kf3 Nf7d6
34.b3 Bf6e7
35.f5 g5
36.a4 Kf6
37.axb5 Nd6xb5
38.Bd3xb5 cxb5
39.Ke3 Be7a3
40.Kd3 Ba3c1
41.c4 bxc4
42.bxc4 dxc4
43.Kxc4 Bc1a3
44.Kb3 Ba3d6
{ abandon }0-1